| 000 | 00741nam a2200277 a 4500 | ||
|---|---|---|---|
| 003 | AR-BaBNM | ||
| 005 | 20251128210453.0 | ||
| 008 | 082120s2002 ||||||||||||||000 | spa|| | ||
| 020 | _a950-02-8369-7 | ||
| 040 | _cAR-BaBNM | ||
| 100 | 1 | _aDevetach, Laura | |
| 245 | 0 | 0 | _aEl ratón que quería comerse la luna |
| 250 | _a3ª ed. | ||
| 260 |
_aBuenos Aires _bEl Ateneo _c1992 |
||
| 300 |
_a16 p. _bil. |
||
| 490 | 0 |
_aInfantil-juvenil _vv. 1 |
|
| 650 | 4 | _aLITERATURA INFANTIL | |
| 650 | 4 | _aLIBROS PARA NIÑOS | |
| 650 | 4 | _aCUENTOS DE ANIMALES | |
| 653 | _aLITERATURA FANTASTICA | ||
| 655 | _aLITERATURA | ||
| 700 | 1 |
_aLima, Juan Manuel _eilustrador |
|
| 800 | 1 |
_aPerriconi, Graciela _edirector |
|
| 942 | _cBK | ||
| 998 | _cMARTIN | ||
| 999 |
_c15566 _d15566 |
||